[Event "XXVI Festival Conca della Presolana B"]
[Site "Bratto - Castione della Presolana ITA"]
[Date "2006.08.25"]
[Round "6"]
[White "Caputi, Giuliano"]
[Black "Madiai, Federico"]
[Result "0-1"]
[WhiteElo "1945"]
[BlackElo "1756"]
[PlyCount "96"]
[EventDate "2006.08.20"]

1. e4 c6 2. d4 d5 3. Nc3 dxe4 4. Nxe4 Bf5 5. Ng3 Bg6 6. Nf3 Nf6 7. Ne5 Nbd7 8.
Nxg6 hxg6 9. Bc4 e6 10. Be3 Bd6 11. Qf3 Qc7 12. O-O-O Nb6 13. Bb3 O-O-O 14. Kb1
Nbd5 15. Bg5 Bf4 16. h4 Bxg5 17. hxg5 Rxh1 18. Rxh1 Ne8 19. Ne2 Qe7 20. c4 Nb6
21. Qf4 Nd7 22. Rd1 Nf8 23. Qe3 Qc7 24. f4 c5 25. d5 Nd6 26. g4 Re8 27. Qf3
exd5 28. Rxd5 Kb8 29. Qd3 Nc8 30. Bd1 Nb6 31. Rd6 Nxc4 32. Rd5 Nb6 33. Re5 Rxe5
34. fxe5 Ne6 35. Qd6 Nc4 36. Qxc7+ Kxc7 37. Bc2 Nxe5 38. Nc3 Nxg5 39. Nd5+ Kd6
40. Ne3 Ne6 41. Kc1 Nd4 42. Be4 b5 43. Kd2 a5 44. b3 c4 45. bxc4 Nxc4+ 46.
Nxc4+ bxc4 47. Kc3 Kc5 48. Bb7 Nb5+ 0-1

[Event "XXVI Festival Conca della Presolana B"]
[Site "Bratto - Castione della Presolana ITA"]
[Date "2006.08.25"]
[Round "6"]
[White "Celli, Ugo"]
[Black "La Manna, Andrea"]
[Result "0-1"]
[WhiteElo "1733"]
[BlackElo "1895"]
[PlyCount "58"]
[EventDate "2006.08.20"]

1. c4 f5 2. Nc3 Nf6 3. g3 g6 4. Bg2 Bg7 5. d3 O-O 6. e4 fxe4 7. dxe4 e5 8. Nf3
d6 9. Bg5 Nc6 10. Qd2 Be6 11. b3 Qd7 12. h4 Nd4 13. Nxd4 exd4 14. Ne2 Ng4 15.
O-O h6 16. Bf4 c5 17. Rae1 Kh7 18. f3 Ne5 19. Kh2 a6 20. Bxe5 dxe5 21. f4 b5
22. h5 gxh5 23. f5 Bg8 24. Nf4 bxc4 25. Nxh5 Bf6 26. bxc4 Bxc4 27. Rf4 Bg5 28.
f6 exf4 29. e5 fxg3+ 0-1

[Event "XXVI Festival Conca della Presolana B"]
[Site "Bratto - Castione della Presolana ITA"]
[Date "2006.08.25"]
[Round "6"]
[White "Colombo, Sandro"]
[Black "Villa, Claudio"]
[Result "0-1"]
[WhiteElo "1864"]
[BlackElo "1753"]
[PlyCount "92"]
[EventDate "2006.08.20"]

1. c4 Nf6 2. Nc3 Nc6 3. Nf3 d5 4. cxd5 Nxd5 5. e4 Nxc3 6. bxc3 e6 7. d4 Be7 8.
Bd3 O-O 9. O-O Re8 10. Qc2 h6 11. e5 Bf8 12. h4 Ne7 13. Re1 Nf5 14. Re4 a6 15.
g3 c5 16. Bd2 b5 17. dxc5 Bxc5 18. Kg2 Bb7 19. Rf4 Rc8 20. Bxf5 exf5 21. Rxf5
Bxf3+ 22. Rxf3 Rxe5 23. Bf4 Rd5 24. a4 b4 25. Rc1 Bd4 26. Qd3 Bxc3 27. Qxa6 Ra5
28. Qb7 f6 29. Bd2 Rb8 30. Rd3 Qe8 31. Re3 Rxb7 32. Rxe8+ Kf7 33. Rd8 Ke7 34.
Rd3 Bxd2 35. Rxd2 Rxa4 36. Rd4 Rb5 37. Rb1 Ke6 38. Kf3 Ra3+ 39. Ke2 b3 40. Kd2
Ra2+ 41. Kc3 Rxf2 42. Kc4 Rb7 43. Rd3 Rc2+ 44. Kd4 b2 45. Re3+ Kf7 46. Kd3 Rc1
0-1

[Event "XXVI Festival Conca della Presolana B"]
[Site "Bratto - Castione della Presolana ITA"]
[Date "2006.08.25"]
[Round "6"]
[White "Elsido, Massimo"]
[Black "Vanzan, Alessandro"]
[Result "1-0"]
[WhiteElo "1742"]
[BlackElo "1835"]
[PlyCount "103"]
[EventDate "2006.08.20"]

1. e4 c5 2. c3 d6 3. d4 cxd4 4. cxd4 Nc6 5. Nf3 Nf6 6. Nc3 a6 7. d5 Na7 8. Be2
g6 9. O-O Bg7 10. Bg5 O-O 11. Qd2 Re8 12. Bh6 Bh8 13. h3 b5 14. b4 Bd7 15. Rac1
Nc8 16. Nd4 Nb6 17. g4 Rc8 18. g5 Bxh3 19. gxf6 Bxf1 20. Bxf1 Bxf6 21. Nc6 Qd7
22. Qe3 Qg4+ 23. Qg3 Qxg3+ 24. fxg3 e6 25. Bh3 Rc7 26. Bd2 Nc4 27. Bh6 Ne5 28.
Ne2 exd5 29. Nxe5 Rxc1+ 30. Nxc1 Bxe5 31. exd5 Bxg3 32. Kg2 Be5 33. Bd7 Re7 34.
Bc8 Rc7 35. Bxa6 Rc2+ 36. Kf3 Rc3+ 37. Ke2 Rc4 38. Bd2 Rd4 39. Bb7 f5 40. Bc6
f4 41. Bxb5 f3+ 42. Ke3 f2 43. Nb3 Rf4 44. Bf1 g5 45. b5 Bd4+ 46. Nxd4 Rf7 47.
a4 g4 48. a5 g3 49. Nf3 Rg7 50. Bg2 h5 51. a6 Ra7 52. Bc3 1-0

[Event "XXVI Festival Conca della Presolana B"]
[Site "Bratto - Castione della Presolana ITA"]
[Date "2006.08.25"]
[Round "6"]
[White "Fiorili, Roberto"]
[Black "Nasoni, Paolo"]
[Result "1/2-1/2"]
[WhiteElo "1934"]
[BlackElo "1859"]
[PlyCount "67"]
[EventDate "2006.08.20"]

1. d4 d5 2. Nf3 Nf6 3. Bf4 e6 4. e3 Be7 5. c3 c5 6. Bd3 b6 7. Nbd2 O-O 8. Qe2
Bb7 9. Ne5 Nbd7 10. O-O c4 11. Bc2 b5 12. b3 Qa5 13. Rac1 Kh8 14. Bb1 Rac8 15.
b4 Qd8 16. Ndf3 Ne4 17. Nxd7 Qxd7 18. Ne5 Qe8 19. f3 Nd6 20. e4 f6 21. Ng4 Nf7
22. exd5 Bxd5 23. Ne3 Bd6 24. Qc2 g6 25. Nxd5 exd5 26. Rce1 Qd7 27. Qd2 Rfe8
28. Bxd6 Nxd6 29. Qh6 Nf7 30. Qh4 Kg7 31. Qf4 Re7 32. Kf2 Rce8 33. Rxe7 Qxe7
34. Qd2 1/2-1/2

[Event "XXVI Festival Conca della Presolana B"]
[Site "Bratto - Castione della Presolana ITA"]
[Date "2006.08.25"]
[Round "6"]
[White "Franzini, Stefano"]
[Black "Fizzotti, Mario"]
[Result "0-1"]
[WhiteElo "1700"]
[BlackElo "1868"]
[PlyCount "139"]
[EventDate "2006.08.20"]

1. e4 e5 2. Nf3 Nf6 3. Nc3 Bb4 4. Bc4 O-O 5. d3 d5 6. exd5 Nxd5 7. Bd2 Nxc3 8.
bxc3 Bd6 9. h3 Nc6 10. a4 Bf5 11. Be3 e4 12. Nd4 Nxd4 13. Bxd4 exd3 14. cxd3
Re8+ 15. Be3 Qf6 16. O-O Qg6 17. h4 Bg4 18. Qd2 Bf3 19. Bg5 Bc6 20. g3 h6 21.
Bf4 Qg4 22. f3 Bxf3 23. Qf2 Bxf4 24. Qxf3 Be3+ 25. Kg2 Qxf3+ 26. Rxf3 Re7 27.
Bxf7+ Rxf7 28. Rxe3 Raf8 29. Rae1 Rf2+ 30. Kh3 Ra2 31. Re7 Rff2 32. Kg4 Rxa4+
33. d4 Rc4 34. Rd7 Rf6 35. Ree7 Rg6+ 36. Kf4 Rxc3 37. g4 Rf6+ 38. Ke5 Re3+ 39.
Kd5 Rxe7 40. Rxe7 Rf7 41. Re8+ Kh7 42. Ke6 Rf6+ 43. Ke5 a5 44. g5 hxg5 45. hxg5
Rf1 46. Ra8 Kg6 47. Ke6 b6 48. Ra7 Rc1 49. d5 Rc5 50. d6 cxd6 51. Kxd6 Rxg5 52.
Kc6 b5 53. Rxa5 b4 54. Ra7 b3 55. Rb7 Rg3 56. Kd5 Kh5 57. Ke5 g5 58. Kf5 Rf3+
59. Ke4 Kg4 60. Rb5 Rg3 61. Rb7 Kh3 62. Rh7+ Kg2 63. Rd7 Rg4+ 64. Ke3 Rb4 65.
Rd2+ Kh3 66. Rb2 g4 67. Kf2 g3+ 68. Kg1 Rc4 69. Rb1 b2 70. Kf1 0-1

[Event "XXVI Festival Conca della Presolana B"]
[Site "Bratto - Castione della Presolana ITA"]
[Date "2006.08.25"]
[Round "6"]
[White "Galasso, Daniele"]
[Black "Allegretti, Luigi"]
[Result "1/2-1/2"]
[WhiteElo "1721"]
[BlackElo "1981"]
[PlyCount "67"]
[EventDate "2006.08.20"]

1. c4 g6 2. Nc3 Bg7 3. g3 d6 4. Bg2 Nd7 5. Nf3 Rb8 6. O-O c5 7. Rb1 Ngf6 8. a3
O-O 9. b4 Ne8 10. Qc2 b6 11. b5 Bb7 12. Bb2 Bxf3 13. exf3 Nc7 14. f4 Ne6 15.
Ne2 Bxb2 16. Qxb2 Ng7 17. d4 e6 18. Rbd1 Qe7 19. Rfe1 Rbd8 20. Nc1 Qf6 21. Nb3
Nf5 22. Qa1 cxd4 23. Nxd4 Nxd4 24. Qxd4 d5 25. Qxf6 Nxf6 26. cxd5 exd5 27. Re7
d4 28. Rxa7 d3 29. a4 Rfe8 30. Bf3 d2 31. Kf1 Rd3 32. Be2 Rd4 33. Bf3 Rd3 34.
Be2 1/2-1/2

[Event "XXVI Festival Conca della Presolana B"]
[Site "Bratto - Castione della Presolana ITA"]
[Date "2006.08.25"]
[Round "6"]
[White "Gallavotti, Eugenio"]
[Black "Regorda, Vittorio"]
[Result "0-1"]
[WhiteElo "1705"]
[BlackElo "1949"]
[PlyCount "100"]
[EventDate "2006.08.20"]

1. e4 e6 2. d4 d5 3. Nc3 Nf6 4. Bg5 Bb4 5. e5 h6 6. Bd2 Bxc3 7. bxc3 Ne4 8. Bd3
Nxd2 9. Qxd2 c5 10. dxc5 Nc6 11. Nf3 Qc7 12. Bb5 O-O 13. Bxc6 Qxc6 14. Qe3 Qa6
15. Nd4 Bd7 16. Qd3 Qa3 17. Nb3 Qa4 18. Qd4 Qa6 19. Qb4 Bb5 20. Qa5 Qc6 21. Nd4
Qxc5 22. Nxb5 a6 23. Qb4 Qxb4 24. cxb4 axb5 25. Kd2 Rfc8 26. c3 Rc4 27. g3 Ra3
28. Rhc1 g5 29. Rc2 Kg7 30. Rg1 g4 31. Rf1 Re4 32. Re1 Kg6 33. Rxe4 dxe4 34.
Ke3 Kf5 35. Kd4 Ra6 36. Kc5 Kxe5 37. Kxb5 f5 38. Rd2 Rd6 39. Rxd6 Kxd6 40. Kb6
e5 41. a4 f4 42. gxf4 exf4 43. a5 e3 44. fxe3 fxe3 45. Kxb7 e2 46. a6 e1=Q 47.
a7 Qxc3 48. a8=Q Qxb4+ 49. Kc8 Qc5+ 50. Kd8 Qc7+ 0-1

[Event "XXVI Festival Conca della Presolana B"]
[Site "Bratto - Castione della Presolana ITA"]
[Date "2006.08.25"]
[Round "6"]
[White "Longo, Pietro"]
[Black "Bonotto, Giorgio"]
[Result "0-1"]
[WhiteElo "1757"]
[BlackElo "1918"]
[PlyCount "80"]
[EventDate "2006.08.20"]

1. d4 d5 2. c4 dxc4 3. e4 e5 4. Nf3 Nf6 5. Nxe5 Bb4+ 6. Nc3 O-O 7. Bg5 h6 8.
Bxf6 Qxf6 9. Bxc4 c5 10. O-O Bxc3 11. bxc3 Nc6 12. f4 a6 13. Nxc6 bxc6 14. Rb1
Rd8 15. e5 Qe7 16. f5 cxd4 17. cxd4 Qg5 18. Qb3 Bxf5 19. Bxf7+ Kh8 20. Rbd1 Be4
21. Qg3 Qe7 22. Bg6 Bd5 23. Bc2 Bxa2 24. Qg6 Bg8 25. Qxc6 Rac8 26. Qg6 a5 27.
Rf2 a4 28. Bxa4 Qa7 29. Bc2 Rxd4 30. Rxd4 Qxd4 31. Qf5 Rc6 32. Qd3 Qxe5 33. Rf8
Qe1+ 34. Rf1 Qe7 35. Rb1 Qa7+ 36. Kh1 Qa2 37. Rc1 Qb2 38. Qd2 Rc8 39. h3 Bh7
40. Qd6 Rxc2 0-1

[Event "XXVI Festival Conca della Presolana B"]
[Site "Bratto - Castione della Presolana ITA"]
[Date "2006.08.25"]
[Round "6"]
[White "Marguerettaz, Davy"]
[Black "Sottroi, Carlo"]
[Result "1/2-1/2"]
[WhiteElo "1700"]
[BlackElo "2008"]
[PlyCount "45"]
[EventDate "2006.08.20"]

1. e4 e6 2. d4 d5 3. Nd2 Nf6 4. e5 Nfd7 5. Ngf3 c5 6. c3 Nc6 7. Be2 Qb6 8. Nb3
cxd4 9. cxd4 a5 10. Be3 a4 11. Nbd2 Qxb2 12. O-O Be7 13. Bd3 Qc3 14. Qe2 Qa5
15. Rfc1 Ba3 16. Rd1 Qd8 17. Rab1 Qe7 18. Nf1 f6 19. exf6 gxf6 20. Bh6 Kf7 21.
Nh4 Ke8 22. Re1 Kd8 23. Qg4 1/2-1/2

[Event "XXVI Festival Conca della Presolana B"]
[Site "Bratto - Castione della Presolana ITA"]
[Date "2006.08.25"]
[Round "6"]
[White "Mazzotti, Federico"]
[Black "Spano' Cuomo, Gaetano"]
[Result "1-0"]
[WhiteElo "1741"]
[BlackElo "1880"]
[PlyCount "53"]
[EventDate "2006.08.20"]

1. e4 e5 2. Nf3 Nf6 3. d4 Nxe4 4. Bd3 d5 5. Nxe5 Bd6 6. Qe2 O-O 7. Bxe4 dxe4 8.
Nc3 Nd7 9. Nc4 f5 10. Nxd6 cxd6 11. Qc4+ Kh8 12. Bf4 Nb6 13. Qb4 d5 14. Bc7 Qe8
15. Bxb6 axb6 16. Nxd5 Be6 17. Nc7 Qc6 18. Nxa8 Rxa8 19. O-O f4 20. c4 Qd7 21.
Qc3 f3 22. gxf3 Bxc4 23. Qxc4 Qh3 24. Rfd1 Qxf3 25. Qf1 Rf8 26. Qg2 Qf4 27. Re1
1-0

[Event "XXVI Festival Conca della Presolana B"]
[Site "Bratto - Castione della Presolana ITA"]
[Date "2006.08.25"]
[Round "6"]
[White "Milanesi, Erminio"]
[Black "Reginato, Mauro"]
[Result "1/2-1/2"]
[WhiteElo "1874"]
[BlackElo "1823"]
[PlyCount "65"]
[EventDate "2006.08.20"]

1. e4 e5 2. Nf3 Nc6 3. Bc4 Bc5 4. d3 d6 5. Nc3 Nf6 6. a3 a6 7. Bg5 Be6 8. Nd5
h6 9. Bxf6 gxf6 10. Nh4 f5 11. Qh5 fxe4 12. dxe4 Nd4 13. O-O-O c6 14. Ne3 Bxc4
15. Nxc4 Qg5+ 16. Qxg5 hxg5 17. Nf5 Nxf5 18. exf5 O-O-O 19. b4 b5 20. bxc5 bxc4
21. cxd6 Kd7 22. Kb2 Rh4 23. Kc3 Rdh8 24. g3 Rxh2 25. Rxh2 Rxh2 26. Rd2 Rh6 27.
Kxc4 Rxd6 28. Rxd6+ Kxd6 29. g4 f6 30. f3 c5 31. c3 Kc6 32. a4 Kd6 33. Kd3
1/2-1/2

[Event "XXVI Festival Conca della Presolana B"]
[Site "Bratto - Castione della Presolana ITA"]
[Date "2006.08.25"]
[Round "6"]
[White "Nardone, Massimo"]
[Black "Bettini, Massimo"]
[Result "1-0"]
[WhiteElo "1902"]
[BlackElo "1887"]
[PlyCount "49"]
[EventDate "2006.08.20"]

1. Nf3 d5 2. g3 c6 3. Bg2 Bg4 4. O-O h5 5. h4 Bxf3 6. exf3 e6 7. b3 Nf6 8. Bb2
Be7 9. Nc3 Rg8 10. f4 Ng4 11. Bf3 Bxh4 12. Bxg4 g5 13. Bxe6 fxe6 14. Qxh5+ Kd7
15. Qf7+ Kc8 16. Qxe6+ Nd7 17. gxh4 gxf4+ 18. Kh2 Rh8 19. Rg1 Qxh4+ 20. Kg2 f3+
21. Kf1 Qd8 22. Re1 Kc7 23. Na4 b5 24. Be5+ Kb7 25. Qxd7+ 1-0

[Event "XXVI Festival Conca della Presolana B"]
[Site "Bratto - Castione della Presolana ITA"]
[Date "2006.08.25"]
[Round "6"]
[White "Nepi, Ezio"]
[Black "Di Chiara, Mauro"]
[Result "1-0"]
[WhiteElo "1817"]
[BlackElo "1721"]
[PlyCount "103"]
[EventDate "2006.08.20"]

1. Nf3 f5 2. c4 e6 3. g3 Nf6 4. Bg2 Be7 5. O-O O-O 6. b3 d6 7. d4 Nc6 8. Bb2
Ne4 9. Nc3 Nxc3 10. Bxc3 Bf6 11. Qc2 e5 12. dxe5 dxe5 13. Rfd1 Qe8 14. Rab1 e4
15. Nd4 Nxd4 16. Bxd4 c6 17. Be3 Be6 18. c5 Rd8 19. Bf4 Bd5 20. Bd6 Rf7 21. e3
Be5 22. Bxe5 Qxe5 23. b4 g5 24. b5 Rdf8 25. bxc6 bxc6 26. Rb4 Rb8 27. Rdb1 Rxb4
28. Rxb4 Qa1+ 29. Bf1 Qg7 30. Bc4 Qe5 31. Bxd5 Qxd5 32. Rd4 Qe5 33. Qb3 Kg7 34.
Qc2 Rb7 35. Kg2 Re7 36. Qc3 Qf6 37. Qd2 g4 38. Rd6 Re6 39. Rd7+ Re7 40. Qd6 Kf7
41. Rxe7+ Qxe7 42. Qxc6 Qd8 43. Qb7+ Kg6 44. Qb3 Kf6 45. c6 Ke7 46. Qb4+ Ke6
47. Qc4+ Kd6 48. Qd4+ Kc7 49. Qxa7+ Kxc6 50. Qa4+ Kc7 51. Qa5+ Kc8 52. Qxf5+
1-0

[Event "XXVI Festival Conca della Presolana B"]
[Site "Bratto - Castione della Presolana ITA"]
[Date "2006.08.25"]
[Round "6"]
[White "Panigoni, Giuseppe"]
[Black "Boffa, Mauro"]
[Result "0-1"]
[WhiteElo "1892"]
[BlackElo "1900"]
[PlyCount "62"]
[EventDate "2006.08.20"]

1. d4 f5 2. g3 Nf6 3. Bg2 g6 4. Nf3 Bg7 5. c4 O-O 6. Nc3 d6 7. O-O Qe8 8. Re1
Qf7 9. Qb3 Ne4 10. e3 Nd7 11. Nd2 Nxc3 12. bxc3 c6 13. Ba3 Kh8 14. Nf3 h6 15.
Rad1 Nf6 16. Bb2 g5 17. d5 c5 18. Qc2 Qh5 19. Qe2 Qg6 20. Nd2 Ng4 21. f4 Bd7
22. Bf3 gxf4 23. exf4 Rae8 24. h3 Nf6 25. Kg2 Rg8 26. Nf1 h5 27. Nh2 Bh6 28.
Kh1 Qxg3 29. Rg1 Qxh3 30. Bc1 Ne4 31. Bxh5 Qxh5 0-1

[Event "XXVI Festival Conca della Presolana B"]
[Site "Bratto - Castione della Presolana ITA"]
[Date "2006.08.25"]
[Round "6"]
[White "Peron, Davide"]
[Black "Morandi, Daniele"]
[Result "1/2-1/2"]
[WhiteElo "1724"]
[BlackElo "1895"]
[PlyCount "79"]
[EventDate "2006.08.20"]

1. e4 e5 2. Nf3 Nc6 3. Bb5 a6 4. Ba4 Nf6 5. O-O Be7 6. Re1 b5 7. Bb3 d6 8. h3
O-O 9. c3 Na5 10. Bc2 c5 11. d4 Qc7 12. Nbd2 Nc6 13. d5 Na5 14. Nf1 c4 15. Ng3
Nb7 16. a4 Bd7 17. Bd2 Nc5 18. axb5 axb5 19. Nf5 Rae8 20. Nxe7+ Rxe7 21. Bg5
Kh8 22. Qd2 Rg8 23. Nh4 Ree8 24. Bxf6 gxf6 25. Qh6 Bxh3 26. Qxf6+ Rg7 27. Re3
Bc8 28. Rg3 Reg8 29. Rxg7 Rxg7 30. Nf5 Bxf5 31. exf5 Qb8 32. g3 Nd7 33. Qh6 f6
34. Qh5 Nc5 35. Qh6 Qd8 36. Qh5 Rg8 37. Ra7 Rg7 38. Ra1 Rg8 39. Ra7 Rg7 40. Ra1
1/2-1/2

[Event "XXVI Festival Conca della Presolana B"]
[Site "Bratto - Castione della Presolana ITA"]
[Date "2006.08.25"]
[Round "6"]
[White "Pesce, Leandro"]
[Black "Orsi, Lorenzo"]
[Result "0-1"]
[WhiteElo "1767"]
[BlackElo "1682"]
[PlyCount "38"]
[EventDate "2006.08.20"]

1. e4 e5 2. Nf3 Nf6 3. Nxe5 d6 4. Nf3 Nxe4 5. Nc3 Nxc3 6. dxc3 c6 7. Bf4 Be7 8.
Qd2 O-O 9. O-O-O d5 10. c4 Be6 11. cxd5 Bxd5 12. Kb1 Nd7 13. h4 Nc5 14. Bd3
Nxd3 15. Qxd3 Qa5 16. b3 Be6 17. Ng5 Bf5 18. Qe2 Bf6 19. Bc1 Qc3 0-1

[Event "XXVI Festival Conca della Presolana B"]
[Site "Bratto - Castione della Presolana ITA"]
[Date "2006.08.25"]
[Round "6"]
[White "Rozzoni, Davide"]
[Black "Paniga, Danilo"]
[Result "1-0"]
[WhiteElo "1714"]
[BlackElo "1815"]
[PlyCount "107"]
[EventDate "2006.08.20"]

1. g3 Nf6 2. Nh3 d5 3. d3 Bf5 4. f3 e6 5. Bg2 c6 6. e3 Bd6 7. Nf2 Qc7 8. e4 Bg6
9. Nc3 Na6 10. Be3 Nd7 11. Ne2 f6 12. Nf4 Bf7 13. Bh3 Nf8 14. c3 O-O-O 15. exd5
g5 16. Nxe6 Bxe6 17. dxe6 Kb8 18. Ne4 Qe7 19. Qb3 Nc5 20. Nxc5 Bxc5 21. Bxc5
Qxc5 22. d4 Qd6 23. O-O-O h5 24. Rhe1 Ng6 25. e7 Nxe7 26. Qe6 Nd5 27. Qxd6+
Rxd6 28. Bf5 h4 29. Be4 Kc7 30. Bxd5 cxd5 31. g4 Kd7 32. Rd2 Re6 33. Rde2 Rxe2
34. Rxe2 Kd6 35. Kc2 Rc8 36. a4 Kd7 37. b3 b6 38. Kd3 a6 39. Rc2 Re8 40. Re2
Rc8 41. c4 Kd6 42. Rc2 dxc4+ 43. bxc4 Rc7 44. Re2 Rc8 45. d5 Kc5 46. Re6 Rf8
47. Kc3 Rc8 48. Rxf6 Rc7 49. Rc6+ Rxc6 50. dxc6 Kxc6 51. Kd4 Kd6 52. Ke4 Ke6
53. f4 Kf6 54. f5 1-0

[Event "XXVI Festival Conca della Presolana B"]
[Site "Bratto - Castione della Presolana ITA"]
[Date "2006.08.25"]
[Round "6"]
[White "Scarpellini, Felice"]
[Black "Romano, Roberto"]
[Result "1/2-1/2"]
[WhiteElo "1913"]
[BlackElo "1733"]
[PlyCount "24"]
[EventDate "2006.08.20"]

1. c4 e5 2. Nc3 Nf6 3. g3 d5 4. cxd5 Nxd5 5. Bg2 Nb6 6. Nf3 Nc6 7. a3 Be7 8. b4
Be6 9. d3 f6 10. O-O Qd7 11. Be3 Bh3 12. Na4 Bxg2 1/2-1/2

[Event "XXVI Festival Conca della Presolana B"]
[Site "Bratto - Castione della Presolana ITA"]
[Date "2006.08.25"]
[Round "6"]
[White "Simone, Marco"]
[Black "Gozzini, Giambattista"]
[Result "1-0"]
[WhiteElo "1880"]
[BlackElo "1721"]
[PlyCount "73"]
[EventDate "2006.08.20"]

1. e4 c6 2. d4 d5 3. Nc3 dxe4 4. Nxe4 Nd7 5. Bc4 Ngf6 6. Ng5 e6 7. Qe2 Nb6 8.
Bb3 h6 9. N5f3 Bd6 10. Ne5 O-O 11. Ngf3 a5 12. c3 Qc7 13. Bf4 Nbd5 14. Bd2 a4
15. Bc2 c5 16. Rc1 cxd4 17. cxd4 Qe7 18. O-O Rd8 19. a3 Bd7 20. g4 Bxe5 21.
Nxe5 Nh7 22. f4 Be8 23. g5 f6 24. Qd3 f5 25. h4 h5 26. Qf3 g6 27. Bd3 b5 28.
Rc5 b4 29. Rfc1 Rab8 30. Bc4 bxa3 31. bxa3 Rb2 32. Ba5 Rd6 33. Bxd5 exd5 34.
Rc7 Bd7 35. Bb4 Rxb4 36. axb4 Nf8 37. Qc3 1-0

[Event "XXVI Festival Conca della Presolana B"]
[Site "Bratto - Castione della Presolana ITA"]
[Date "2006.08.25"]
[Round "6"]
[White "Tafur, Abel"]
[Black "Vignoli, Matteo"]
[Result "1/2-1/2"]
[WhiteElo "1966"]
[BlackElo "1941"]
[PlyCount "53"]
[EventDate "2006.08.20"]

1. e4 e5 2. Nf3 Nc6 3. Bc4 Bc5 4. b4 Bxb4 5. c3 Be7 6. d4 d6 7. Qb3 exd4 8.
Bxf7+ Kf8 9. Bxg8 Rxg8 10. cxd4 Bf6 11. Bb2 g5 12. h3 h5 13. Nbd2 g4 14. hxg4
hxg4 15. Rh7 Qe8 16. O-O-O gxf3 17. Nxf3 Na5 18. Qc2 Qc6 19. Bc3 b6 20. e5 dxe5
21. Nxe5 Qxg2 22. Rf7+ Ke8 23. Rxc7 Be6 24. Bxa5 bxa5 25. Qa4+ Kf8 26. Qa3+ Ke8
27. Qa4+ 1/2-1/2

[Event "XXVI Festival Conca della Presolana B"]
[Site "Bratto - Castione della Presolana ITA"]
[Date "2006.08.26"]
[Round "7"]
[White "Allegretti, Luigi"]
[Black "Vanzan, Alessandro"]
[Result "1-0"]
[WhiteElo "1981"]
[BlackElo "1835"]
[PlyCount "113"]
[EventDate "2006.08.20"]

1. d4 d5 2. Bf4 Nf6 3. e3 g6 4. Be2 Bg7 5. Nd2 O-O 6. h4 h5 7. Ngf3 Nbd7 8. Ne5
c5 9. c3 c4 10. Bf3 Nxe5 11. Bxe5 Be6 12. Bxf6 Bxf6 13. g4 Bxg4 14. Bxg4 hxg4
15. Qxg4 Qc8 16. Qg2 Qf5 17. h5 g5 18. f3 Kh8 19. e4 Qf4 20. e5 Bxe5 21. dxe5
Qxe5+ 22. Qe2 Qg3+ 23. Kf1 e5 24. Re1 Rae8 25. Qh2 Qf4 26. Qxf4 gxf4 27. Rg1 f5
28. Rg5 b5 29. Kf2 e4 30. fxe4 dxe4 31. Nf3 e3+ 32. Ke2 Rf7 33. Reg1 a5 34. Rg6
Rh7 35. Ne5 Ra8 36. Kf3 Re8 37. Kxf4 b4 38. R6g5 Rc7 39. Rg6 Kh7 40. R6g5 Rce7
41. Rxf5 bxc3 42. bxc3 e2 43. Re1 Rg8 44. Rxe2 Rg1 45. Re4 Rg2 46. a3 Rf2+ 47.
Kg5 Rg7+ 48. Kf6 Rb2 49. Rxc4 Rb8 50. Rc6 Rf8+ 51. Ke6 Re8+ 52. Kd5 Rd8+ 53.
Rd6 Rb8 54. c4 Rb3 55. Kc6 Rxa3 56. Nf7 Kg8 57. Rd8+ 1-0

[Event "XXVI Festival Conca della Presolana B"]
[Site "Bratto - Castione della Presolana ITA"]
[Date "2006.08.26"]
[Round "7"]
[White "Bassis, Ivano"]
[Black "Panigoni, Giuseppe"]
[Result "0-1"]
[WhiteElo "1820"]
[BlackElo "1892"]
[PlyCount "56"]
[EventDate "2006.08.20"]

1. e4 c6 2. d3 d5 3. Nd2 e5 4. Ngf3 Bd6 5. Qe2 Nd7 6. d4 Qc7 7. dxe5 Nxe5 8.
exd5 Ne7 9. dxc6 bxc6 10. Ne4 Nxf3+ 11. Qxf3 Be5 12. g3 O-O 13. Bg2 Ba6 14. c3
Rad8 15. Nc5 Bc4 16. Qe3 Qd6 17. Bd2 Nf5 18. Qg5 Qxc5 19. Qxf5 Rxd2 20. Kxd2
Bxc3+ 21. Kxc3 Qxf5 22. Kxc4 Qc2+ 23. Kd4 Rd8+ 24. Ke3 Qd3+ 25. Kf4 Rd4+ 26.
Ke5 f6+ 27. Ke6 Qe2+ 28. Kf5 Qe5# 0-1

[Event "XXVI Festival Conca della Presolana B"]
[Site "Bratto - Castione della Presolana ITA"]
[Date "2006.08.26"]
[Round "7"]
[White "Bolognesi, Alberto"]
[Black "Nepi, Ezio"]
[Result "1/2-1/2"]
[WhiteElo "1900"]
[BlackElo "1817"]
[PlyCount "130"]
[EventDate "2006.08.20"]

1. e4 e6 2. d4 d5 3. exd5 exd5 4. c4 Bb4+ 5. Nc3 Nf6 6. Nf3 O-O 7. Be2 dxc4 8.
O-O Bg4 9. Bxc4 Nbd7 10. Qb3 Bxc3 11. bxc3 Nb6 12. Ne5 Nxc4 13. Nxg4 Nb6 14.
Bg5 Qd5 15. Nxf6+ gxf6 16. Bxf6 Qxb3 17. axb3 Nd5 18. Be5 Nxc3 19. Bxc7 Ne2+
20. Kh1 Nxd4 21. b4 Rac8 22. Be5 Nb5 23. Rac1 Rxc1 24. Rxc1 Re8 25. Bf6 h5 26.
g3 Kh7 27. Rc5 a6 28. Rg5 Re4 29. f4 Nd6 30. Rxh5+ Kg6 31. Rd5 Kxf6 32. Rxd6+
Re6 33. Rd7 Rb6 34. Rd4 Ke6 35. Kg2 Rd6 36. Rc4 Rc6 37. Rd4 b5 38. Kf3 Rc3+ 39.
Ke2 Rc2+ 40. Rd2 Rc4 41. Rb2 Kf5 42. Kf3 Rc3+ 43. Kg2 Ke4 44. Kf2 Kd3 45. h4 f5
46. Kf3 Kc4+ 47. Kg2 Rc1 48. Ra2 Kxb4 49. Rxa6 Kc5 50. Rf6 b4 51. Rxf5+ Kc4 52.
Rf8 Rc2+ 53. Kf3 b3 54. Rb8 b2 55. Kg4 Rh2 56. Kg5 Kc3 57. h5 Kc2 58. h6 Rh3
59. Rxb2+ Kxb2 60. g4 Kc3 61. f5 Kd4 62. Kg6 Ke5 63. h7 Rh4 64. g5 Rh1 65. Kg7
Kxf5 1/2-1/2

[Event "XXVI Festival Conca della Presolana B"]
[Site "Bratto - Castione della Presolana ITA"]
[Date "2006.08.26"]
[Round "7"]
[White "Bonotto, Giorgio"]
[Black "Boccalatte, Piero"]
[Result "1/2-1/2"]
[WhiteElo "1918"]
[BlackElo "1999"]
[PlyCount "61"]
[EventDate "2006.08.20"]

1. e4 c6 2. d4 d5 3. Nc3 dxe4 4. Nxe4 Nd7 5. Bc4 Ngf6 6. Ng5 e6 7. Qe2 Nb6 8.
Bd3 h6 9. N5f3 c5 10. dxc5 Bxc5 11. Ne5 Nbd7 12. Ngf3 Nxe5 13. Nxe5 Qc7 14. a3
a6 15. Bd2 b6 16. c3 Bb7 17. Rg1 Bd6 18. f4 b5 19. a4 b4 20. c4 Bc5 21. Be3
O-O-O 22. O-O-O Rhf8 23. Qf2 Bxe3+ 24. Qxe3 Nd7 25. Nxd7 Rxd7 26. b3 Rfd8 27.
Be4 Kb8 28. Rxd7 Qxd7 29. Bxb7 Kxb7 30. Qf3+ Kb6 31. Rd1 1/2-1/2

[Event "XXVI Festival Conca della Presolana B"]
[Site "Bratto - Castione della Presolana ITA"]
[Date "2006.08.26"]
[Round "7"]
[White "Brunelli, Giovanni"]
[Black "Elsido, Massimo"]
[Result "0-1"]
[WhiteElo "1882"]
[BlackElo "1742"]
[PlyCount "41"]
[EventDate "2006.08.20"]

1. e4 e5 2. Nf3 Nc6 3. Bb5 a6 4. Ba4 Nf6 5. O-O b5 6. Bb3 Be7 7. Re1 O-O 8. c3
d6 9. h3 Na5 10. Bc2 c5 11. d4 cxd4 12. cxd4 Bb7 13. dxe5 dxe5 14. Qxd8 Rfxd8
15. Nxe5 Rac8 16. Bb3 Nxb3 17. axb3 Nxe4 18. Nc3 Bb4 19. Rf1 Nxc3 20. bxc3 Bxc3
21. Be3 0-1

[Event "XXVI Festival Conca della Presolana B"]
[Site "Bratto - Castione della Presolana ITA"]
[Date "2006.08.26"]
[Round "7"]
[White "Burbi, Marco"]
[Black "Celli, Ugo"]
[Result "1/2-1/2"]
[WhiteElo "1793"]
[BlackElo "1733"]
[PlyCount "59"]
[EventDate "2006.08.20"]

1. e4 d6 2. d4 e5 3. Nf3 Nf6 4. dxe5 Nxe4 5. Qd5 Nc5 6. Bg5 Qd7 7. Nc3 c6 8.
Qd2 dxe5 9. O-O-O Qxd2+ 10. Rxd2 Ne6 11. Bc4 f6 12. Re1 Na6 13. Nxe5 fxe5 14.
Rxe5 h6 15. Rd8+ Kf7 16. Bxe6+ Bxe6 17. Rxa8 hxg5 18. Re3 g4 19. Ne4 Bd5 20.
Rxa7 c5 21. h3 g6 22. hxg4 Rh2 23. g3 Nc7 24. c3 Ne6 25. Kd1 Rh1+ 26. Kc2 Rh2
27. Kd1 Rh1+ 28. Kc2 Rh2 29. Kd1 Rh1+ 30. Kc2 1/2-1/2